University Home | Library Home | Institutional Repository

The microcomputer system (Record no. 133372)

MARC details
000 -LEADER
fixed length control field 00699cam6a220024100 4500
001 - CONTROL NUMBER
control field tmp15962641
003 - CONTROL NUMBER IDENTIFIER
control field UPRA
005 - DATE AND TIME OF LATEST TRANSACTION
control field 20190822114731.0
007 - PHYSICAL DESCRIPTION FIXED FIELD--GENERAL INFORMATION
fixed length control field gtucu vu
008 - FIXED-LENGTH DATA ELEMENTS--GENERAL INFORMATION
fixed length control field 951115s1977 gw nnn t eng u
035 ## - SYSTEM CONTROL NUMBER
System control number (Sirsi) r51623
035 ## - SYSTEM CONTROL NUMBER
System control number (UPRA)tmp15962641
040 ## - CATALOGING SOURCE
Transcribing agency UPRA
041 ## - LANGUAGE CODE
Language code of accompanying material other than librettos eng
100 1# - MAIN ENTRY--PERSONAL NAME
Personal name Wenner, Gerhard.
Linkage A9773.1
245 14 - TITLE STATEMENT
Title The microcomputer system
Medium [transparency].
260 ## - PUBLICATION, DISTRIBUTION, ETC.
Place of publication, distribution, etc. Berlin :
Name of publisher, distributor, etc. Siemens,
Date of publication, distribution, etc. 1977.
500 ## - GENERAL NOTE
General note Accompanying notes, "bt 011: The microcomputer system" enclosed in folder.
650 #0 - SUBJECT ADDED ENTRY--TOPICAL TERM
Topical term or geographic name entry element Microelectronics.
Linkage S983.1
650 #0 - SUBJECT ADDED ENTRY--TOPICAL TERM
Topical term or geographic name entry element Minicomputers.
Linkage S6564.1
949 ## - LOCAL PROCESSING INFORMATION (OCLC)
a QA76.8
w lcc
i -65476
m MAIN
t BOOK
l ON-SHELF

No items available.

© 2026 - The University of Zambia Library - Koha v25.11